000 00464nam a2200181Ia 4500
001 19929
005 20260306172728.0
008 260306t2017||||xx |||||||||||||| ||spa||
041 _aESP
082 _a341.4
_bS63
100 _aAguiló Regla, Josep
_eAUT
245 0 _aSobre el razonamiento judicial:
_buna discusión con Manuel Atienza
260 _c2017
300 _a465 páginas :
_c21 cm.
650 _aGEN
654 _aCDE
942 _cLIB
_dJUS
_fJUS
_2ddc
_n
999 _c19929
_d19929